[Event "Maharashtra State-ch U25"]
[Site "Nasik"]
[Date "2018.08.11"]
[Round "5"]
[White "Tajane, Ganesh"]
[Black "Walde, Harshal"]
[Result "1-0"]
[WhiteElo "1722"]
[BlackElo "1473"]
[PlyCount "57"]
[EventDate "2018.08.09"]
[EventType "swiss"]
[EventRounds "9"]
[EventCountry "IND"]
[SourceTitle "CBM 186 Extra"]
[Source "ChessBase"]
[SourceDate "2018.08.24"]
[SourceVersion "1"]
[SourceVersionDate "2018.08.24"]
[SourceQuality "1"]

1. e4 c5 2. Nc3 d6 3. g3 g6 4. Bg2 Bg7 5. Nge2 Nf6 6. 0-0 0-0 7. h3 Nc6 8. d3 Rb8 9. Be3 b5 10. Qd2 b4 11. Nd1 a5 12. g4 e5 13. f4 Bxg4 14. hxg4 Nxg4 15. Nf2 Nxe3 16. Qxe3 exf4 17. Qxf4 Bxb2 18. Ng4 Nd4 19. Ng3 Ne6 20. Nf6+ Kg7 21. Qg4 Bxa1 22. Ngh5+ Kh8 23. Rxa1 gxh5 24. Qf5 Kg7 25. Rf1 Rh8 26. Nxh5+ Kh6 27. Qxf7 Nd4 28. Qg7+ Kxh5 29. Rf5+ 1-0

[Event "Panchavati Resha op 3rd"]
[Site "Panchavati"]
[Date "2017.07.20"]
[Round "4"]
[White "Gaikwad, Siddhant"]
[Black "Walde, Harshal"]
[Result "1/2-1/2"]
[WhiteElo "2128"]
[BlackElo "1397"]
[PlyCount "34"]
[EventDate "2017.07.18"]
[EventType "swiss"]
[EventRounds "10"]
[EventCountry "IND"]
[SourceTitle "EXT 2018"]
[Source "ChessBase"]
[SourceDate "2017.10.13"]
[SourceVersion "1"]
[SourceVersionDate "2017.10.13"]
[SourceQuality "1"]

1. e4 c5 2. Nf3 d6 3. d4 cxd4 4. Nxd4 Nf6 5. Nc3 a6 6. Bg5 e6 7. f4 Be7 8. Qf3 Qc7 9. 0-0-0 Nbd7 10. f5 Ne5 11. Qh3 Nfg4 12. Bh4 b5 13. Bxb5+ axb5 14. Ndxb5 Qc5 15. Bxe7 Kxe7 16. Qh4+ f6 17. fxe6 Bxe6 1/2-1/2

[Event "Panchavati Resha op 3rd"]
[Site "Panchavati"]
[Date "2017.07.20"]
[Round "5"]
[White "Walde, Harshal"]
[Black "Tajane, Ganesh"]
[Result "1-0"]
[WhiteElo "1397"]
[BlackElo "1794"]
[PlyCount "58"]
[EventDate "2017.07.18"]
[EventType "swiss"]
[EventRounds "10"]
[EventCountry "IND"]
[SourceTitle "EXT 2018"]
[Source "ChessBase"]
[SourceDate "2017.10.13"]
[SourceVersion "1"]
[SourceVersionDate "2017.10.13"]
[SourceQuality "1"]

1. d4 Nf6 2. c4 c5 3. d5 d6 4. Nc3 g6 5. e4 Bg7 6. f3 0-0 7. Be3 e6 8. Qd2 exd5 9. cxd5 a6 10. a4 Re8 11. Nge2 Nbd7 12. Ng3 h5 13. h4 Ne5 14. Be2 Bd7 15. 0-0 Nh7 16. Bg5 Nxg5 17. hxg5 c4 18. Nh1 b5 19. Nf2 Qb6 20. Kh1 Rac8 21. a5 Qc5 22. f4 Ng4 23. Nxg4 hxg4 24. f5 Bxc3 25. Qxc3 Re5 26. Bxg4 b4 27. Qh3 gxf5 28. exf5 Kf8 29. f6 Rxg5 1-0

[Event "Panchavati Resha op 3rd"]
[Site "Panchavati"]
[Date "2017.07.19"]
[Round "2"]
[White "Wagh, Suyog"]
[Black "Walde, Harshal"]
[Result "1/2-1/2"]
[WhiteElo "2212"]
[BlackElo "1397"]
[PlyCount "153"]
[EventDate "2017.07.18"]
[EventType "swiss"]
[EventRounds "10"]
[EventCountry "IND"]
[SourceTitle "EXT 2018"]
[Source "ChessBase"]
[SourceDate "2017.10.13"]
[SourceVersion "1"]
[SourceVersionDate "2017.10.13"]
[SourceQuality "1"]

1. d4 Nf6 2. Bf4 g6 3. e3 Bg7 4. Nf3 0-0 5. Be2 d6 6. h3 Nbd7 7. 0-0 c5 8. c3 a6 9. a4 Rb8 10. a5 b5 11. axb6 Qxb6 12. Ra2 cxd4 13. exd4 Nd5 14. Bh2 N7f6 15. Nbd2 Nc7 16. Nc4 Qb3 17. Qxb3 Rxb3 18. Nfd2 Rb5 19. Na5 Be6 20. c4 Rb6 21. Bf4 Rfb8 22. b3 Nfe8 23. Be3 Bd7 24. Nf3 Bf6 25. Ne1 Ne6 26. Nc2 N8c7 27. Rd1 Be8 28. Kf1 Bg5 29. c5 dxc5 30. dxc5 Bxe3 31. cxb6 Bxb6 32. b4 Nb5 33. Bxb5 Bxb5+ 34. Kg1 Nf4 35. Raa1 Ne2+ 36. Kh1 Bxf2 37. Na3 Ng3+ 38. Kh2 Ne4 39. Nxb5 Rxb5 40. Nc6 Bg3+ 41. Kg1 Bd6 42. Rd4 Nc3 43. Kf1 Nd5 44. Rxa6 Nxb4 45. Nxb4 Bxb4 46. Ra8+ Kg7 47. Rdd8 Rf5+ 48. Ke2 h5 49. Rg8+ Kf6 50. Rgc8 Re5+ 51. Kd3 Bd6 52. Ra6 Rg5 53. Rc2 h4 54. Rf2+ Ke6 55. Ra4 Rd5+ 56. Kc2 g5 57. Re4+ Be5 58. Rc4 f6 59. Rd2 Rb5 60. Kd3 Rd5+ 61. Ke2 Ra5 62. Rb4 Bd6 63. Rb3 Re5+ 64. Kf3 Kf5 65. Rbd3 Kg6 66. Rd5 Re1 67. Rd1 Re6 68. Rb5 Bf4 69. Rb3 Rc6 70. Rd8 Bd6 71. Ra8 Rc4 72. Ra2 Bc5 73. Ke2 Rf4 74. Rf3 Re4+ 75. Kd3 Rd4+ 76. Kc3 Re4 77. Kd3 1/2-1/2